Under the greenwood tree, or The Mellstock quire (Record no. 60629)

MARC details
000 -LEADER
fixed length control field 00550nam a2200145 a 4500
008 - FIXED-LENGTH DATA ELEMENTS--GENERAL INFORMATION
fixed length control field 120416s1959 ||||||||||||||||| || u
050 ## - LIBRARY OF CONGRESS CALL NUMBER
Classification number PR 4750. U8H37
100 ## - MAIN ENTRY--PERSONAL NAME
Personal name Hardy, Thomas, 1840-1928
245 10 - TITLE STATEMENT
Title Under the greenwood tree, or The Mellstock quire
246 ## - VARYING FORM OF TITLE
Title proper/short title a rural painting of the Dutch school
260 ## - PUBLICATION, DISTRIBUTION, ETC.
Place of publication, distribution, etc. London
Name of publisher, distributor, etc. MacMillian
Date of publication, distribution, etc. 1959
300 ## - PHYSICAL DESCRIPTION
Extent 280 pages
350 ## - PRICE (NR) (BK AM CF MU VM SE) [OBSOLETE]
Price 0.00
995 ## - RECOMMENDATION 995 [LOCAL, UNIMARC FRANCE]
-- 0.00
-- CBU-MAIN LIBRARY (Kitwe)
-- 1
-- 0.00
-- 1
-- AVAILABLE
-- Annex Low-Usage Collection
Holdings
Withdrawn status Lost status Source of classification or shelving scheme Damaged status Not for loan Home library Current library Shelving location Date acquired Total Checkouts Full call number Barcode Date last seen Price effective from Koha item type
          CBU-MAIN LIBRARY, KITWE. CBU-MAIN LIBRARY, KITWE.   11/30/2022   PR 4750. U8H37 011291 11/30/2022 11/30/2022 MONOGRAPH